[Event "4NCL/Div2/PYO vs. WGR3"]
[Site "West Bromwich ENG"]
[Date "2005.04.10"]
[Round "8.8"]
[White "Cutmore, Martin J"]
[Black "Hegarty, Sarah"]
[Result "1/2-1/2"]
[WhiteElo "2030"]
[BlackElo "1905"]
[PlyCount "58"]
[EventDate "2005.04.10"]
[SourceDate "2004.09.21"]

1. d4 Nf6 2. c4 g6 3. Nc3 d5 4. f3 c5 5. dxc5 d4 6. Nb5 e5 7. Bg5 Nbd7 8. Nd6+
Bxd6 9. cxd6 Qb6 10. e3 dxe3 11. Ne2 Qb4+ 12. Nc3 Qxb2 13. Qc1 Qb4 14. Qxe3
Qxd6 15. Rd1 Qc7 16. Bh6 Rg8 17. Nb5 Qa5+ 18. Rd2 a6 19. Nd6+ Ke7 20. Bg5 Kf8
21. Be2 Ne8 22. Nxe8 Kxe8 23. O-O f6 24. Rd5 Qc7 25. Bh4 g5 26. Bf2 Nf8 27.
Rfd1 Ne6 28. g3 Kf7 29. Qb3 Nd4 {match result 0-1} 1/2-1/2

[Event "4NCL/Div2/WRO vs. SWD1"]
[Site "West Bromwich ENG"]
[Date "2005.04.10"]
[Round "8.1"]
[White "Dunnington, Angus J"]
[Black "Cooper, John G"]
[Result "0-1"]
[WhiteElo "2386"]
[BlackElo "2346"]
[PlyCount "56"]
[EventDate "2005.04.10"]
[SourceDate "2004.09.21"]

1. Nf3 d5 2. g3 c5 3. Bg2 Nc6 4. d4 Nf6 5. O-O e6 6. c4 Be7 7. cxd5 exd5 8. Nc3
O-O 9. Bg5 cxd4 10. Nxd4 h6 11. Be3 Re8 12. Qa4 Bd7 13. Qb3 Na5 14. Qd1 Bg4 15.
h3 Bh5 16. Nf5 Bb4 17. g4 Bxc3 18. bxc3 Bg6 19. Bd4 Bxf5 20. gxf5 Ne4 21. e3
Nc6 22. Qb3 Qd7 23. Rad1 Rad8 24. Qb2 Qxf5 25. Qxb7 Rd6 26. f3 Ng5 27. e4 Nxh3+
28. Kh2 Qf4+ 0-1

[Event "4NCL/Div2/WRO vs. SWD1"]
[Site "West Bromwich ENG"]
[Date "2005.04.10"]
[Round "8.2"]
[White "Jones, Richard S"]
[Black "Gayson, Peter M"]
[Result "0-1"]
[WhiteElo "2320"]
[BlackElo "2234"]
[PlyCount "52"]
[EventDate "2005.04.10"]
[SourceDate "2004.09.21"]

1. e4 c5 2. Nf3 e6 3. d4 cxd4 4. Nxd4 Nf6 5. Nc3 Nc6 6. Nxc6 bxc6 7. e5 Nd5 8.
Ne4 Qc7 9. f4 Qa5+ 10. Bd2 Qb6 11. Bd3 Be7 12. Qe2 f5 13. Nd6+ Bxd6 14. exd6
O-O 15. c4 Nf6 16. Bc3 Bb7 17. O-O-O c5 18. Qe5 Rf7 19. Rd2 Be4 20. Be2 Rb8 21.
Rg1 Qa6 22. b3 Qa3+ 23. Rb2 Rxb3 24. axb3 Qa1+ 25. Kd2 Qxg1 26. Ra2 Bb1 0-1

[Event "4NCL/Div2/WRO vs. SWD1"]
[Site "West Bromwich ENG"]
[Date "2005.04.10"]
[Round "8.3"]
[White "Yepes, Eduardo"]
[Black "Dineley, Richard D P"]
[Result "1-0"]
[WhiteElo "2283"]
[BlackElo "2299"]
[PlyCount "53"]
[EventDate "2005.04.10"]
[SourceDate "2004.09.21"]

1. d4 Nf6 2. c4 g6 3. Nc3 d5 4. Nf3 Bg7 5. e3 O-O 6. b4 b6 7. Rb1 Bf5 8. Rb3 c6
9. Be2 Nbd7 10. O-O dxc4 11. Bxc4 b5 12. Be2 a5 13. a3 axb4 14. axb4 Re8 15. d5
Nxd5 16. Nxd5 cxd5 17. Nd4 Nb6 18. Nxf5 gxf5 19. Bxb5 Rf8 20. Qh5 Nd7 21. Qxf5
e6 22. Qb1 Ra1 23. Qc2 Nb6 24. e4 Qc8 25. Bc6 dxe4 26. Rg3 f5 27. Rxg7+ 1-0

[Event "4NCL/Div2/WRO vs. SWD1"]
[Site "West Bromwich ENG"]
[Date "2005.04.10"]
[Round "8.4"]
[White "Zeidler, Sven P"]
[Black "Adams, David M"]
[Result "1/2-1/2"]
[WhiteElo "2190"]
[BlackElo "2207"]
[PlyCount "62"]
[EventDate "2005.04.10"]
[SourceDate "2004.09.21"]

1. e4 Nf6 2. Nc3 d5 3. e5 Ne4 4. Nce2 d4 5. c3 Nc6 6. cxd4 Ng5 7. f4 Ne6 8. Nf3
Nexd4 9. Nexd4 Nxd4 10. Qa4+ Nc6 11. Bb5 Qd5 12. O-O Bd7 13. Bc4 Qa5 14. Qb3 e6
15. d4 O-O-O 16. f5 Nxd4 17. Nxd4 Ba4 18. Bxe6+ fxe6 19. Qxe6+ Bd7 20. Qc4 Qxe5
21. Bf4 Qc5 22. Rac1 Qxc4 23. Rxc4 c5 24. Rfc1 b6 25. a4 Kb7 26. Ne6 Re8 27.
Nxf8 Rhxf8 28. b4 Rxf5 29. bxc5 Rxc5 30. Rxc5 bxc5 31. Rxc5 Bc6 1/2-1/2

[Event "4NCL/Div2/WRO vs. SWD1"]
[Site "West Bromwich ENG"]
[Date "2005.04.10"]
[Round "8.5"]
[White "Barrett, Steve J"]
[Black "James, David J"]
[Result "1/2-1/2"]
[WhiteElo "2181"]
[BlackElo "2236"]
[PlyCount "42"]
[EventDate "2005.04.10"]
[SourceDate "2004.09.21"]

1. d4 Nf6 2. c4 e6 3. Nc3 Bb4 4. e3 O-O 5. Bd3 d5 6. Nf3 dxc4 7. Bxc4 c5 8. O-O
Nbd7 9. a3 Bxc3 10. bxc3 Qc7 11. Qe2 e5 12. e4 cxd4 13. cxd4 exd4 14. e5 Re8
15. Bxf7+ Kxf7 16. Qa2+ Kf8 17. exf6 Nxf6 18. Nxd4 Qe5 19. Bb2 Bd7 20. a4 Qd5
21. Qa3+ Kg8 1/2-1/2

[Event "4NCL/Div2/WRO vs. SWD1"]
[Site "West Bromwich ENG"]
[Date "2005.04.10"]
[Round "8.6"]
[White "Blackburn, Jonathan L B"]
[Black "Shaw, Peter"]
[Result "1-0"]
[WhiteElo "2179"]
[BlackElo "2125"]
[PlyCount "77"]
[EventDate "2005.04.10"]
[SourceDate "2004.09.21"]

1. d4 e6 2. c4 b6 3. Nc3 Bb4 4. Nf3 Bb7 5. Qc2 f5 6. Bg5 Nf6 7. e3 O-O 8. Bd3
Qe8 9. Bxf6 Rxf6 10. O-O-O Bxc3 11. bxc3 c5 12. d5 g6 13. e4 fxe4 14. Bxe4 e5
15. h4 h6 16. Rh3 d6 17. Rg3 Kg7 18. h5 g5 19. Nxg5 hxg5 20. Rxg5+ Kh8 21. Rg6
Qf8 22. Qd2 Nd7 23. Rh1 Re8 24. Qg5 Re7 25. g4 Rxg6 26. hxg6+ Kg8 27. Bf5 Qf6
28. Qh5 Nf8 29. g5 Qg7 30. Qg4 b5 31. Rh6 bxc4 32. Be6+ Nxe6 33. dxe6 e4 34.
Qh3 Qe5 35. Rh7 Rxe6 36. Rxb7 Qf4+ 37. Kb1 Rxg6 38. Qh7+ Kf8 39. Rb8# 1-0

[Event "4NCL/Div2/WRO vs. SWD1"]
[Site "West Bromwich ENG"]
[Date "2005.04.10"]
[Round "8.7"]
[White "Cumbers, Paul"]
[Black "Morris, Charles F"]
[Result "1-0"]
[WhiteElo "2118"]
[BlackElo "2213"]
[PlyCount "80"]
[EventDate "2005.04.10"]
[SourceDate "2004.09.21"]

1. e4 e6 2. d4 d5 3. e5 c5 4. c3 Qb6 5. a3 Nc6 6. Nf3 c4 7. Nbd2 Na5 8. g3 Bd7
9. h4 h6 10. h5 Ne7 11. Bh3 O-O-O 12. O-O Kb8 13. Nh4 g5 14. hxg6 fxg6 15. Ng2
g5 16. f4 Rg8 17. fxg5 Rxg5 18. Kh2 Ng8 19. Nf4 Be7 20. Nf3 Rg7 21. Qe2 Nb3 22.
Rb1 Qc6 23. Be3 Rf8 24. Rf2 Qc8 25. Rbf1 a5 26. Qc2 Rxf4 27. Bxf4 Qe8 28. Rh1
Bg5 29. Bxg5 hxg5 30. g4 Ne7 31. Kg3 Qd8 32. Bf1 Ng6 33. Rh5 Nf4 34. Rxg5 Rxg5
35. Nxg5 Nd3 36. Nf7 Nxf2 37. Nxd8 Ne4+ 38. Kh4 Nbd2 39. Bg2 Kc8 40. Nf7 Be8
1-0

[Event "4NCL/Div2/WRO vs. SWD1"]
[Site "West Bromwich ENG"]
[Date "2005.04.10"]
[Round "8.8"]
[White "Smith, Olivia"]
[Black "Khakimova, Masrura"]
[Result "1-0"]
[WhiteElo "1897"]
[BlackElo "1805"]
[PlyCount "69"]
[EventDate "2005.04.10"]
[SourceDate "2004.09.21"]

1. e4 d6 2. d4 Nf6 3. Nc3 g6 4. Nf3 Bg7 5. h3 O-O 6. Be3 Nbd7 7. Qd2 c5 8. dxc5
Nxc5 9. Bd3 Be6 10. Bh6 Rc8 11. Bxg7 Kxg7 12. O-O Qa5 13. Rfe1 Nxd3 14. cxd3
Qh5 15. Qf4 Rc5 16. Ne2 Rfc8 17. Ned4 g5 18. Qg3 g4 19. Nxe6+ fxe6 20. e5 dxe5
21. Nxe5 Rc2 22. hxg4 Qe8 23. Rab1 Qb5 24. Nc4 R8xc4 25. dxc4 Qxc4 26. Qe5 Qxg4
27. Qxe6 Qxe6 28. Rxe6 Kf7 29. Re3 Ng4 30. Rf3+ Kg6 31. a3 e5 32. b4 e4 33. Rf4
Kg5 34. Rxe4 Rxf2 35. Rxg4+ 1-0

[Event "4NCL/Div2/BAR2 vs. MIN1"]
[Site "West Bromwich ENG"]
[Date "2005.04.10"]
[Round "8.2"]
[White "McFarland, Robert S"]
[Black "Cox, John J"]
[Result "0-1"]
[WhiteElo "2282"]
[BlackElo "2322"]
[PlyCount "119"]
[EventDate "2005.04.10"]
[SourceDate "2004.09.21"]

1. Nf3 Nf6 2. g3 d5 3. d4 c6 4. Bg2 Bg4 5. Nbd2 Nbd7 6. b3 e6 7. Bb2 Bxf3 8.
Bxf3 a5 9. a3 Be7 10. O-O O-O 11. e4 dxe4 12. Nxe4 Nxe4 13. Bxe4 Bf6 14. c4 Qc7
15. Qc2 g6 16. Rad1 Rfd8 17. Rd2 c5 18. Rfd1 cxd4 19. Bxd4 Bxd4 20. Rxd4 Nc5
21. Rxd8+ Rxd8 22. Rxd8+ Qxd8 23. b4 axb4 24. axb4 Na6 25. Bxb7 Nxb4 26. Qc3
Qb6 27. Bf3 Na6 28. Kg2 Qd6 29. h4 h5 30. Qe3 Nc5 31. Kf1 Kf8 32. Ke2 Ke7 33.
g4 hxg4 34. Bxg4 Nd7 35. Kf1 Ne5 36. Qf4 f6 37. Be2 Qc6 38. Ke1 Qh1+ 39. Kd2
Qc6 40. Kc3 Qd6 41. Qd4 Qa3+ 42. Kd2 Qb4+ 43. Ke3 Nc6 44. Qe4 Qc5+ 45. Kd2 f5
46. Qf4 Qb4+ 47. Kd1 Qb1+ 48. Kd2 Kd7 49. Qe3 Qb2+ 50. Kd1 Nd4 51. f4 Ke7 52.
Bd3 Qc3 53. Qg3 Nb3 54. Qe3 Nd4 55. Qg3 Kd6 56. Qe3 Kc5 57. Qe5+ Kb4 58. Qd6+
Kb3 59. Qb6+ Ka3 60. Qa6+ {time} 0-1

[Event "4NCL/Div2/BAR2 vs. MIN1"]
[Site "West Bromwich ENG"]
[Date "2005.04.10"]
[Round "8.3"]
[White "Rogers, Jonathan W"]
[Black "Bae, Torstein"]
[Result "0-1"]
[WhiteElo "2340"]
[BlackElo "2273"]
[PlyCount "108"]
[EventDate "2005.04.10"]
[SourceDate "2004.09.21"]

1. e4 e5 2. Nf3 Nc6 3. Nc3 Nf6 4. Bb5 Nd4 5. Nxe5 Qe7 6. f4 Nxb5 7. Nxb5 d6 8.
Nf3 Qxe4+ 9. Kf2 Kd8 10. d4 Bg4 11. Nc3 Bxf3 12. Qxf3 Qxc2+ 13. Kg1 c6 14. d5
c5 15. h3 g6 16. Kh2 h5 17. Re1 Bg7 18. Re2 Qf5 19. Bd2 Kd7 20. Rc1 Rac8 21.
Qf1 Rhe8 22. b4 cxb4 23. Rxe8 Nxe8 24. Qb5+ Ke7 25. Qxb4 Kf8 26. Qxb7 Rxc3 27.
Re1 Rc8 28. Qxa7 Qxd5 29. Re2 Kg8 30. Qd7 Qa8 31. Re7 Nf6 32. Qxd6 Rd8 33. Ra7
Qxg2+ 34. Kxg2 Rxd6 35. Bc3 Re6 36. Be5 Nd5 37. a4 Bxe5 38. fxe5 Nb4 39. a5 Ra6
40. Rb7 Rxa5 41. Rxb4 Rxe5 42. Kg3 Re3+ 43. Kg2 Kg7 44. Ra4 g5 45. h4 f6 46.
Ra6 g4 47. Ra5 Kg6 48. Ra8 Rh3 49. Ra5 Rxh4 50. Kg3 Rh3+ 51. Kf4 Rf3+ 52. Ke4
f5+ 53. Ke5 h4 54. Ra4 Kg5 0-1

[Event "4NCL/Div2/BAR2 vs. MIN1"]
[Site "West Bromwich ENG"]
[Date "2005.04.10"]
[Round "8.4"]
[White "Richards, Heather"]
[Black "Pritchett, Craig W"]
[Result "1/2-1/2"]
[WhiteElo "2183"]
[BlackElo "2258"]
[PlyCount "98"]
[EventDate "2005.04.10"]
[SourceDate "2004.09.21"]

1. e4 c5 2. c3 e6 3. d4 d5 4. exd5 Qxd5 5. Nf3 Nf6 6. Be3 cxd4 7. cxd4 Bb4+ 8.
Nc3 O-O 9. Bd3 b6 10. O-O Bxc3 11. bxc3 Ba6 12. Re1 Bxd3 13. Qxd3 Nbd7 14. c4
Qd6 15. Bg5 Rac8 16. Rad1 h6 17. Bh4 Qb4 18. Ne5 Nxe5 19. dxe5 Nh7 20. Re4 Rfe8
21. Rg4 g5 22. Bg3 b5 23. h4 Rxc4 24. a3 Qc5 25. Qf3 Rxg4 26. Qxg4 Qe7 27. hxg5
hxg5 28. Rd3 Rc8 29. Bh4 Rc4 30. Bxg5 Nxg5 31. f4 Kf8 32. Qh5 f6 33. fxg5 Qc5+
34. Kh2 Qxe5+ 35. Rg3 fxg5 36. Qh6+ Ke7 37. Qxg5+ Qxg5 38. Rxg5 a6 39. Rg3 Kf6
40. Re3 Kf5 41. Kg3 e5 42. Rf3+ Ke4 43. Kg4 Ra4 44. Kg5 Kd4 45. Rh3 Kd5 46. g4
e4 47. Kf5 Rd4 48. g5 Rd1 49. g6 Rf1+ 1/2-1/2

[Event "4NCL/Div2/BAR2 vs. MIN1"]
[Site "West Bromwich ENG"]
[Date "2005.04.10"]
[Round "8.5"]
[White "Coleman, David"]
[Black "Almond, Richard"]
[Result "1-0"]
[WhiteElo "2256"]
[BlackElo "2141"]
[PlyCount "87"]
[EventDate "2005.04.10"]
[SourceDate "2004.09.21"]

1. e4 d5 2. exd5 Qxd5 3. Nc3 Qa5 4. Bc4 c6 5. Nf3 Nf6 6. h3 Bf5 7. d3 e6 8. Bd2
Nbd7 9. Qe2 Bb4 10. a3 Nd5 11. Bxd5 Bxc3 12. Bxc3 Qxd5 13. g4 Bg6 14. Bxg7 Rg8
15. Bc3 h5 16. O-O-O O-O-O 17. Ne5 Nxe5 18. Qxe5 Qf3 19. Qe3 Qxe3+ 20. fxe3
hxg4 21. hxg4 Rd5 22. Bf6 b6 23. e4 Rd7 24. Rde1 c5 25. Kd2 Kb7 26. Ke3 Rc8 27.
Rh6 Rdc7 28. Reh1 b5 29. Kf4 a5 30. a4 c4 31. axb5 cxd3 32. cxd3 Kb6 33. Be5
Rc2 34. Rh8 Kxb5 35. Bc3 Rxh8 36. Rxh8 Rf2+ 37. Ke3 Rg2 38. Kf3 Rg1 39. Rb8+
Ka4 40. Bd4 Rd1 41. Ke2 Rc1 42. Kd2 Rc6 43. Bg7 f5 44. Bf8 1-0

[Event "4NCL/Div2/BAR2 vs. MIN1"]
[Site "West Bromwich ENG"]
[Date "2005.04.10"]
[Round "8.6"]
[White "Kafka, Graeme"]
[Black "Taylor, Peter"]
[Result "0-1"]
[WhiteElo "2132"]
[BlackElo "2237"]
[PlyCount "70"]
[EventDate "2005.04.10"]
[SourceDate "2004.09.21"]

1. e4 c6 2. d4 d5 3. e5 c5 4. dxc5 e6 5. Be3 Nh6 6. c3 Nf5 7. Bd4 Nxd4 8. cxd4
b6 9. Bb5+ Bd7 10. Bxd7+ Nxd7 11. cxb6 Qxb6 12. b3 Bb4+ 13. Kf1 O-O 14. Nf3 f6
15. a3 Be7 16. exf6 Nxf6 17. Nbd2 Ne4 18. Qe2 Nxd2+ 19. Qxd2 Qxb3 20. Qe3 Qxe3
21. fxe3 Rab8 22. Ke2 Rb2+ 23. Nd2 Rc8 24. Rhb1 Rxb1 25. Nxb1 Rc1 26. a4 Bb4
27. Kd3 Kf7 28. e4 dxe4+ 29. Kxe4 a5 30. h3 Ke7 31. Kd3 Kd6 32. Ke4 Re1+ 33.
Kd3 Kd5 34. g4 Rc1 35. h4 Rd1+ 0-1

[Event "4NCL/Div2/BAR2 vs. MIN1"]
[Site "West Bromwich ENG"]
[Date "2005.04.10"]
[Round "8.7"]
[White "Berry, Neil"]
[Black "Hagesaether, Arne"]
[Result "1/2-1/2"]
[WhiteElo "2257"]
[BlackElo "2177"]
[PlyCount "36"]
[EventDate "2005.04.10"]
[SourceDate "2004.09.21"]

1. d4 e6 2. c4 Nf6 3. Nc3 Bb4 4. f3 c5 5. d5 b5 6. e4 bxc4 7. Bxc4 Nxd5 8. Bxd5
exd5 9. Qxd5 Nc6 10. Nge2 Ba6 11. Kf2 O-O 12. Rd1 Rb8 13. Ng3 Nd4 14. Bf4 Rb6
15. a3 Bb7 16. Qc4 Ba6 17. Qd5 Bb7 18. Qc4 Ba6 1/2-1/2

[Event "4NCL/Div2/BAR2 vs. MIN1"]
[Site "West Bromwich ENG"]
[Date "2005.04.10"]
[Round "8.8"]
[White "Muter, Donny"]
[Black "Kieran, Rosalind"]
[Result "1-0"]
[WhiteElo "2118"]
[BlackElo "2081"]
[PlyCount "69"]
[EventDate "2005.04.10"]
[SourceDate "2004.09.21"]

1. d4 d5 2. Nf3 Nf6 3. c4 e6 4. Nc3 Nbd7 5. Bg5 c6 6. e3 Qa5 7. Nd2 dxc4 8.
Bxf6 Nxf6 9. Bxc4 Be7 10. a3 O-O 11. b4 Qc7 12. Nf3 a5 13. Rb1 axb4 14. axb4
Bd6 15. Qc2 e5 16. h3 Qe7 17. dxe5 Bxe5 18. O-O Bxc3 19. Qxc3 Bf5 20. Ra1 Ne4
21. Qb2 Nd6 22. Be2 Rfd8 23. Rfd1 Be4 24. Rxa8 Rxa8 25. Qe5 Qxe5 26. Nxe5 Bd5
27. Bf3 Bxf3 28. gxf3 Nb5 29. Rd7 f6 30. Nd3 Ra7 31. Nf4 Ra1+ 32. Kg2 Rb1 33.
Ne6 Rxb4 34. Rxg7+ Kh8 35. Rxb7 1-0

[Event "4NCL/Div2/NWE2 vs. WWKS1"]
[Site "West Bromwich ENG"]
[Date "2005.04.10"]
[Round "8.1"]
[White "van der Linden, Lukas"]
[Black "Wu, Li"]
[Result "1/2-1/2"]
[WhiteElo "2263"]
[BlackElo "2262"]
[PlyCount "167"]
[EventDate "2005.04.10"]
[SourceDate "2004.09.21"]

1. d4 Nf6 2. c4 g6 3. Nc3 Bg7 4. e4 d6 5. Nf3 O-O 6. h3 Na6 7. Bg5 e5 8. d5 Qe8
9. g4 Nc5 10. Qc2 a5 11. O-O-O Bd7 12. Be2 a4 13. Kb1 Kh8 14. Ne1 Ng8 15. Nd3
Na6 16. f3 f5 17. Be3 b6 18. g5 f4 19. Bf2 h5 20. h4 Ne7 21. Bf1 Nc5 22. Bh3
Bxh3 23. Rxh3 Qd7 24. Rhh1 Ra5 25. Nb4 Rfa8 26. Qe2 Kg8 27. Nb5 Kf7 28. Be1 Ke8
29. Qf1 Bf8 30. Bc3 Rc8 31. Rh2 Raa8 32. Rdd2 Bg7 33. Qd1 Rd8 34. Nc2 Ra6 35.
Bb4 Rda8 36. Nca3 Kd8 37. Bxc5 bxc5 38. Rd3 Nc8 39. Kc1 Nb6 40. Qc2 Bf8 41. Kd1
Be7 42. Ke1 Kc8 43. Kf1 Bd8 44. Kg2 Ra5 45. Rh1 Be7 46. Kh2 Kb7 47. Rc1 R8a6
48. Nb1 Qd8 49. Rg1 Qd7 50. N5a3 Qd8 51. Rg2 Qd7 52. b3 axb3 53. Rxb3 Ra4 54.
Qb2 R4a5 55. Nc3 Kc8 56. Nab1 Ra8 57. Nd2 Kd8 58. Rg1 Ke8 59. a3 Bd8 60. Ra1
Qc8 61. Rb5 Na4 62. Qb3 Nxc3 63. Qxc3 Qa6 64. Rxa5 Qxa5 65. Qxa5 Rxa5 66. Kg2
Ra4 67. Kf2 Kd7 68. Ke2 Kc8 69. Kd3 Ra6 70. Nb1 Kb7 71. Nc3 Be7 72. Rb1+ Kc8
73. Rb3 Bd8 74. Kc2 Rb6 75. Rb5 Kb7 76. Na4 Rxb5 77. cxb5 Bxg5 78. hxg5 h4 79.
Nb2 h3 80. Nd1 h2 81. Nf2 Kb6 82. a4 Ka5 83. Kb3 Kb6 84. Kc4 1/2-1/2

[Event "4NCL/Div2/NWE2 vs. WWKS1"]
[Site "West Bromwich ENG"]
[Date "2005.04.10"]
[Round "8.2"]
[White "Hynes, Anthony"]
[Black "Hague, Ben"]
[Result "0-1"]
[WhiteElo "2247"]
[BlackElo "2264"]
[PlyCount "115"]
[EventDate "2005.04.10"]
[SourceDate "2004.09.21"]

1. e4 g6 2. d4 Bg7 3. Nc3 d6 4. f4 a6 5. Nf3 Nd7 6. Bd3 c5 7. d5 Ngf6 8. O-O
O-O 9. Qe2 b5 10. e5 c4 11. exf6 cxd3 12. Qxe7 Nxf6 13. Qxd8 Rxd8 14. cxd3 Bb7
15. f5 Nxd5 16. fxg6 fxg6 17. Ne4 Nb4 18. Bg5 Rd7 19. Nf6+ Bxf6 20. Bxf6 Nxd3
21. Rad1 Nc5 22. Bg5 Re8 23. Bh6 Ne4 24. Rd3 Rf7 25. Re1 Nf6 26. Rxe8+ Nxe8 27.
Ng5 Re7 28. Rd4 Re1+ 29. Kf2 Re5 30. g4 Bd5 31. Nf3 Bxf3 32. Kxf3 Kf7 33. Rf4+
Ke6 34. Rf8 Kd7 35. h4 Re1 36. Rf7+ Re7 37. Rf8 Ke6 38. Kg2 Nc7 39. Bg5 Rd7 40.
Rc8 Kd5 41. Rg8 Ke4 42. h5 gxh5 43. gxh5 Ne6 44. h6 Nxg5 45. Rxg5 d5 46. Rg7
Rd6 47. Rxh7 Kd3 48. Kf3 d4 49. Rh8 Kd2 50. Ke4 d3 51. Rg8 Re6+ 52. Kd4 Kc2 53.
Rc8+ Kxb2 54. h7 d2 55. h8=Q d1=Q+ 56. Kc5+ Kxa2 57. Qh2+ Re2 58. Qh3 0-1

[Event "4NCL/Div2/NWE2 vs. WWKS1"]
[Site "West Bromwich ENG"]
[Date "2005.04.10"]
[Round "8.3"]
[White "Hughes, Howard R"]
[Black "James, Russell A"]
[Result "0-1"]
[WhiteElo "2216"]
[BlackElo "2226"]
[PlyCount "88"]
[EventDate "2005.04.10"]
[SourceDate "2004.09.21"]

1. e4 e5 2. f4 Nc6 3. Bc4 Nf6 4. Nc3 Nxe4 5. Nxe4 d5 6. fxe5 dxe4 7. Qe2 Nxe5
8. Qxe4 Qe7 9. Bb3 Bf5 10. Qe3 Qh4+ 11. Kf1 Bd6 12. d4 O-O-O 13. dxe5 Bc5 14.
Nf3 Rd1+ 15. Ke2 Qg4 16. Qxc5 Qxg2+ 17. Qf2 Qxh1 18. Qxa7 Qf1+ 19. Ke3 Re1+ 20.
Nxe1 Qg1+ 21. Kf4 Qxa7 22. Kxf5 Qf2+ 23. Bf4 g6+ 24. Kg4 h5+ 25. Kg5 f6+ 26.
exf6 Qg1+ 27. Bg3 h4 28. Nf3 Qxa1 29. Nxh4 Qc1+ 30. Kxg6 Qh6+ 31. Kf5 Qh5+ 32.
Kf4 Rf8 33. f7 Rxf7+ 34. Bxf7 Qxf7+ 35. Nf5 Qc4+ 36. Kg5 Qxc2 37. h4 Qxb2 38.
h5 Qxa2 39. h6 Qg8+ 40. Kf6 Kd7 41. Ng7 Qh7 42. Bf4 b5 43. Nh5 b4 44. Kg5 Ke6
0-1

[Event "4NCL/Div2/NWE2 vs. WWKS1"]
[Site "West Bromwich ENG"]
[Date "2005.04.10"]
[Round "8.4"]
[White "Fishburne, Stewart K"]
[Black "Spence, David"]
[Result "1-0"]
[WhiteElo "2190"]
[BlackElo "2240"]
[PlyCount "41"]
[EventDate "2005.04.10"]
[SourceDate "2004.09.21"]

1. e4 e6 2. d4 d5 3. Nc3 Bb4 4. e5 c5 5. dxc5 Bxc3+ 6. bxc3 Ne7 7. Nf3 Qc7 8.
Bd3 Nd7 9. O-O Nxc5 10. Re1 Bd7 11. Rb1 a6 12. Ba3 b5 13. Ng5 h6 14. Qh5 O-O
15. Nh7 Rfc8 16. Nf6+ gxf6 17. Bxc5 Qxc5 18. exf6 Nf5 19. Bxf5 Qf8 20. Bd3 Rc5
21. Re5 1-0

[Event "4NCL/Div2/NWE2 vs. WWKS1"]
[Site "West Bromwich ENG"]
[Date "2005.04.10"]
[Round "8.5"]
[White "Ruston, Mark R"]
[Black "Thomas, Nicholas"]
[Result "0-1"]
[WhiteElo "2116"]
[BlackElo "2216"]
[PlyCount "38"]
[EventDate "2005.04.10"]
[SourceDate "2004.09.21"]

1. e4 c5 2. Nc3 e6 3. g3 d5 4. exd5 exd5 5. d4 cxd4 6. Qxd4 Nf6 7. Bg5 Be7 8.
O-O-O Nc6 9. Qd2 d4 10. Nb5 O-O 11. Bc4 Qb6 12. Bf4 Qc5 13. Qe2 a6 14. Nc7 Ra7
15. Nf3 b5 16. Bb3 Bd8 17. Ne6 Bxe6 18. Bxe6 Re7 19. Bxf7+ Rfxf7 0-1

[Event "4NCL/Div2/NWE2 vs. WWKS1"]
[Site "West Bromwich ENG"]
[Date "2005.04.10"]
[Round "8.6"]
[White "Pitcher, John"]
[Black "Savory, Richard J"]
[Result "1-0"]
[WhiteElo "2180"]
[BlackElo "2104"]
[PlyCount "56"]
[EventDate "2005.04.10"]
[SourceDate "2004.09.21"]

1. e4 c5 2. Nc3 Nc6 3. Bb5 Nd4 4. Bc4 g6 5. Nf3 Bg7 6. O-O e6 7. Nxd4 cxd4 8.
Nb5 d6 9. c3 e5 10. cxd4 exd4 11. Qf3 Be6 12. Bxe6 fxe6 13. Qb3 Ke7 14. d3 Qb6
15. f4 a6 16. f5 gxf5 17. exf5 d5 18. Qa3+ Kd7 19. fxe6+ Qxe6 20. Qa4 Kd8 21.
Bg5+ Bf6 22. Bxf6+ Nxf6 23. Qxd4 axb5 24. Rxf6 Ra4 25. Qf2 Qe7 26. Rc1 d4 27.
Re1 Qd7 28. Qf4 Ra8 {time} 1-0

[Event "4NCL/Div2/NWE2 vs. WWKS1"]
[Site "West Bromwich ENG"]
[Date "2005.04.10"]
[Round "8.7"]
[White "Hanley, James"]
[Black "Baruch, Andrew J D"]
[Result "1/2-1/2"]
[WhiteElo "2067"]
[BlackElo "2103"]
[PlyCount "50"]
[EventDate "2005.04.10"]
[SourceDate "2004.09.21"]

1. e4 Nf6 2. e5 Nd5 3. d4 d6 4. c4 Nb6 5. exd6 cxd6 6. Nc3 g6 7. Be3 Bg7 8. Rc1
O-O 9. b3 e6 10. Nf3 Bd7 11. Be2 d5 12. c5 Nc8 13. b4 Nc6 14. b5 Na5 15. O-O
Ne7 16. Qd2 a6 17. Bg5 axb5 18. Nxb5 Nac6 19. Nd6 Qa5 20. Rc2 Qxd2 21. Rxd2 Nf5
22. Nxf5 gxf5 23. Rb1 Ra7 24. Bb5 Ra3 25. Bf1 Ra7 1/2-1/2

[Event "4NCL/Div2/NWE2 vs. WWKS1"]
[Site "West Bromwich ENG"]
[Date "2005.04.10"]
[Round "8.8"]
[White "Chevannes, Sabrina"]
[Black "Milligan, Helen"]
[Result "1-0"]
[WhiteElo "2089"]
[BlackElo "2072"]
[PlyCount "73"]
[EventDate "2005.04.10"]
[SourceDate "2004.09.21"]

1. d4 Nf6 2. Nf3 e6 3. Bg5 c5 4. e3 Be7 5. Nbd2 cxd4 6. exd4 b6 7. Bd3 Bb7 8.
O-O O-O 9. Re1 d6 10. c3 Nbd7 11. h3 Re8 12. Qc2 h6 13. Bf4 Rc8 14. a3 a6 15.
Ne4 Nxe4 16. Bxe4 Bxe4 17. Qxe4 Qc7 18. Nh2 Nf6 19. Qf3 Qc6 20. Qd3 Qc4 21. Qd2
Bf8 22. Re3 Nh5 23. Rf3 Nxf4 24. Rxf4 Qd5 25. Rg4 g6 26. Rg3 e5 27. Ng4 Re6 28.
Rf3 Bg7 29. Nxh6+ Bxh6 30. Qxh6 exd4 31. Rd1 g5 32. Qh5 Rg6 33. Rxd4 Qe5 34.
Re3 Qh8 35. Qg4 Rf8 36. Qe2 b5 37. a4 1-0

[Event "4NCL/Div2/BRI2 vs. SLOS1"]
[Site "West Bromwich ENG"]
[Date "2005.04.10"]
[Round "8.1"]
[White "Collier, David O"]
[Black "Gwaze, Robert"]
[Result "1/2-1/2"]
[WhiteElo "2130"]
[BlackElo "2409"]
[PlyCount "52"]
[EventDate "2005.04.10"]
[SourceDate "2004.09.21"]

1. d4 g6 2. c4 Bg7 3. Nc3 d6 4. e4 Nd7 5. Be3 c5 6. Nge2 Ngf6 7. f3 O-O 8. d5
a6 9. a4 Rb8 10. Qd2 Ne5 11. Nc1 e6 12. Be2 exd5 13. cxd5 Bd7 14. a5 b5 15.
axb6 Qxb6 16. Rxa6 Qc7 17. O-O Rb4 18. N1a2 Rb7 19. Ra1 Rfb8 20. Nd1 Bb5 21.
Bxb5 Rxb5 22. Nac3 Rb4 23. Qe2 c4 24. Ra7 Qd8 25. R1a4 Nd3 26. Na2 Rb3 1/2-1/2

[Event "4NCL/Div2/BRI2 vs. SLOS1"]
[Site "West Bromwich ENG"]
[Date "2005.04.10"]
[Round "8.2"]
[White "Gourlay, Iain"]
[Black "Curtis, John"]
[Result "1-0"]
[WhiteElo "2316"]
[BlackElo "2126"]
[PlyCount "79"]
[EventDate "2005.04.10"]
[SourceDate "2004.09.21"]

1. Nf3 d6 2. g3 e5 3. Bg2 Nf6 4. d3 Be7 5. c4 O-O 6. Nc3 c6 7. O-O Nbd7 8. Nd2
a5 9. a3 Nc5 10. Nb3 d5 11. cxd5 cxd5 12. d4 Nxb3 13. Qxb3 exd4 14. Nxd5 Nxd5
15. Bxd5 Ra6 16. Rd1 Be6 17. Rxd4 Bc5 18. Rd3 Qf6 19. Rf3 a4 20. Qxb7 Qd4 21.
Bxe6 Qd1+ 22. Kg2 Rxe6 23. Be3 Qd6 24. Rd1 Qb6 25. Qxb6 Bxb6 26. Bxb6 Rxb6 27.
Rd2 g6 28. Rf4 Ra8 29. e3 Ra7 30. Rdd4 Rxb2 31. Rxa4 Rc7 32. Rac4 Rd7 33. a4
Ra2 34. Rcd4 Rb7 35. Rb4 Rc7 36. Rbc4 Rb7 37. h4 Rbb2 38. Rc8+ Kg7 39. Rc7 Kh6
40. Rfxf7 1-0

[Event "4NCL/Div2/BRI2 vs. SLOS1"]
[Site "West Bromwich ENG"]
[Date "2005.04.10"]
[Round "8.3"]
[White "Chaplin, Peter"]
[Black "Muir, Andrew J"]
[Result "0-1"]
[WhiteElo "2051"]
[BlackElo "2322"]
[PlyCount "108"]
[EventDate "2005.04.10"]
[SourceDate "2004.09.21"]

1. e4 c5 2. d3 e6 3. g3 d5 4. Nd2 Nf6 5. Bg2 Nc6 6. Ngf3 Be7 7. O-O O-O 8. e5
Nd7 9. Re1 b5 10. Nf1 a5 11. h4 b4 12. Bf4 Ba6 13. Bh3 Kh8 14. Ng5 Qe8 15. Qh5
Bxg5 16. hxg5 f5 17. Qxe8 Rfxe8 18. Nd2 Nd4 19. Rac1 Rab8 20. Be3 Nc6 21. Bf4
a4 22. Bf1 a3 23. b3 Nd4 24. Kg2 Bb7 25. Nf3 Nb5 26. Nh4 Nc3 27. Ra1 d4+ 28. f3
Nb6 29. Kf2 Nbd5 30. Bd2 g6 31. Bxc3 bxc3 32. f4 Nb4 33. Re2 Ba6 34. Nf3 Kg7
35. Ne1 Rh8 36. Kg1 h6 37. gxh6+ Rxh6 38. Bg2 Bb7 39. Bxb7 Rxb7 40. Nf3 Kf7 41.
Kg2 Rb8 42. Rf2 Rbh8 43. Re2 Ke7 44. Rf2 Nd5 45. Re2 Ne3+ 46. Rxe3 dxe3 47. Nh4
Kf7 48. Nf3 Rh5 49. Re1 Ke7 50. Ra1 c4 51. dxc4 Rd8 52. Re1 Rd2+ 53. Kg1 Rh3
54. Kf1 Rf2+ 0-1